<?xml version="1.0" encoding="UTF-8"?>
<record
    xmlns:xsi="http://www.w3.org/2001/XMLSchema-instance"
    xsi:schemaLocation="http://www.loc.gov/MARC21/slim http://www.loc.gov/standards/marcxml/schema/MARC21slim.xsd"
    xmlns="http://www.loc.gov/MARC21/slim">

  <leader>00965nam a2200217Ia 4500</leader>
  <controlfield tag="003">IN-BaIIA</controlfield>
  <controlfield tag="008">211028s9999    xx            000 0 eng d</controlfield>
  <datafield tag="020" ind1=" " ind2=" ">
    <subfield code="a">3-540-50699-3</subfield>
  </datafield>
  <datafield tag="040" ind1=" " ind2=" ">
    <subfield code="c">IIA Library</subfield>
  </datafield>
  <datafield tag="080" ind1=" " ind2=" ">
    <subfield code="a">524(082.2)</subfield>
    <subfield code="b">MIT</subfield>
  </datafield>
  <datafield tag="100" ind1=" " ind2=" ">
    <subfield code="a">Mittter, H.</subfield>
    <subfield code="9">16469</subfield>
  </datafield>
  <datafield tag="111" ind1=" " ind2=" ">
    <subfield code="a">Universitatswochen Fur Kernphysik Schladming on Particle Physics and Astrophysics Current View Points</subfield>
    <subfield code="n">27th</subfield>
    <subfield code="c">Austria</subfield>
    <subfield code="d">1988</subfield>
    <subfield code="9">16470</subfield>
  </datafield>
  <datafield tag="245" ind1=" " ind2="0">
    <subfield code="a">Particle physics and astrophysics current view points</subfield>
    <subfield code="b">proceedings of the XXVII Universitatswochen Fur Kernphysik Schladming on particle physics and Astrophysics current view points, held in Austria, February 1988</subfield>
    <subfield code="c">H. Mittter and  F. Widder                                                  </subfield>
  </datafield>
  <datafield tag="260" ind1=" " ind2=" ">
    <subfield code="a">Berlin</subfield>
    <subfield code="b">Springer-Verlag</subfield>
    <subfield code="c">1988</subfield>
  </datafield>
  <datafield tag="300" ind1=" " ind2=" ">
    <subfield code="a">x, 309p.</subfield>
  </datafield>
  <datafield tag="650" ind1=" " ind2=" ">
    <subfield code="a">Astronomy and Astrophysics Thesaurus</subfield>
  </datafield>
  <datafield tag="650" ind1=" " ind2=" ">
    <subfield code="a">Astrophysics</subfield>
    <subfield code="9">794</subfield>
  </datafield>
  <datafield tag="650" ind1=" " ind2=" ">
    <subfield code="a">Elementary particle Physics</subfield>
    <subfield code="9">1932</subfield>
  </datafield>
  <datafield tag="700" ind1=" " ind2=" ">
    <subfield code="a">Widder, F</subfield>
    <subfield code="9">16471</subfield>
  </datafield>
  <datafield tag="942" ind1=" " ind2=" ">
    <subfield code="c">BK</subfield>
  </datafield>
  <datafield tag="999" ind1=" " ind2=" ">
    <subfield code="c">9736</subfield>
    <subfield code="d">9736</subfield>
  </datafield>
  <datafield tag="952" ind1=" " ind2=" ">
    <subfield code="0">0</subfield>
    <subfield code="1">0</subfield>
    <subfield code="4">0</subfield>
    <subfield code="7">0</subfield>
    <subfield code="a">BAN</subfield>
    <subfield code="b">BAN</subfield>
    <subfield code="c">GEN</subfield>
    <subfield code="d">0000-00-00</subfield>
    <subfield code="g">952.30</subfield>
    <subfield code="l">0</subfield>
    <subfield code="o">524(082.2)/ MIT</subfield>
    <subfield code="p">10646</subfield>
    <subfield code="r">2021-11-05</subfield>
    <subfield code="v">952.30</subfield>
    <subfield code="w">0000-00-00</subfield>
    <subfield code="y">BK</subfield>
    <subfield code="G">Rs. 952.30</subfield>
  </datafield>
</record>
